000 02697nam a2200397 a 4500
005 20090806102417.0
008 080912s2009 ii b 001 0 eng
010 _aENG-94074
020 _a9788178299013
_c550.00
035 _aEN-77607
035 _aB-361392-397
037 _bDBAD / PUB
037 _bAakar Books
040 _adpl
_bEnglish
082 _a306.4
100 _aThapan, Meenakshi
245 _aLiving the body :
_bembodiment, womanhood and identity in contemporary India /
_cby Meenakshi Thapan.
260 _aNew Delhi
_bSage Publications
_c2009
270 _aB1/I-1, Mohan Cooperative Industrial Area, Mathura Road,
_bNew Delhi
_e110044
300 _axxi, 190 p. ;
_c23cm(Hb)
500 _aIncludes bibliographical references and index
505 _aIntroduction: An engagement with the sociology of embodiment -- Embodiment, identity and womanhood -- Cultures of adolescence -- Embodiment and womanhood in Femina -- The body in the mirror : embodiment, violence and identity -- The body as a weapon : emb
650 _aGender identity
_zIndia.
650 _aHuman body
_xSocial aspects
_zIndia.
650 _aSex role
_zIndia.
650 _aWomen
_zIndia
_xHistory.
942 _2ddc
_cEN
_h306.4
_mTHA
999 _c28935
_d28935